| 000 | 02281cam a2200421 i 4500 | ||
|---|---|---|---|
| 999 |
_c41751 _d41751 |
||
| 001 | 18286529 | ||
| 003 | OSt | ||
| 005 | 20221105111701.0 | ||
| 008 | 140902t20152015njua b 001 0 eng | ||
| 010 | _a 2014033177 | ||
| 020 | _a9788126554027 | ||
| 020 | _a9781118743164 (hardback) | ||
| 020 | _a1118743164 (hardback) | ||
| 040 |
_aDLC _beng _cDLC _erda _dDLC |
||
| 042 | _apcc | ||
| 050 | 0 | 0 |
_aQR41.2 _b.B58 2015 |
| 082 | 0 | 0 |
_a616.9/041 _223 _bBLA/M |
| 084 |
_aSCI045000 _2bisacsh |
||
| 100 | 1 |
_aBlack, Jacquelyn G. _eauthor. _99270 |
|
| 245 | 1 | 0 |
_aMicrobiology : _bprinciples and explorations. |
| 250 |
_a9th edition / _bJacquelyn G. Black, Marymount University, Arlington, Virginia and Laura Black. |
||
| 264 | 1 |
_aHoboken, NJ : _bWiley, _c[2015] |
|
| 264 | 4 | _c©2015 | |
| 300 |
_axx, 940 pages : _bcolor illustrations ; _c29 cm |
||
| 336 |
_atext _2rdacontent |
||
| 337 |
_aunmediated _2rdamedia |
||
| 338 |
_avolume _2rdacarrier |
||
| 504 | _aIncludes bibliographical references and index. | ||
| 520 |
_a"Microbiology: Principles and Explorations has been a best-selling textbook for several editions due to the author's engaging writing style where her passion for the subject shines through the narrative. The text's student-friendly approach provides readers with an excellent introduction to the study of Microbiology. This text is appropriate for non-major and mixed major microbiology courses, as well as allied health, agriculture and food sciences courses"-- _cProvided by publisher. |
||
| 650 | 0 |
_aMicrobiology _vTextbooks. |
|
| 650 | 7 |
_aSCIENCE / Life Sciences / Biology / Microbiology. _2bisacsh |
|
| 700 | 1 |
_aBlack, Laura, _eauthor. |
|
| 776 | 0 | 8 |
_iOnline version: _aBlack, Jacquelyn G., author. _tMicrobiology _bNinth edition / Jacquelyn G. Black, Marymount University, Arlington, Virginia and Laura Black. _dHoboken, NJ : John Wiley & Sons, Inc., [2015] _z9781118934753 _w(DLC) 2014035396 |
| 856 | 4 | 2 |
_3Cover image _uhttp://catalogimages.wiley.com/images/db/jimages/9781118743164.jpg |
| 906 |
_a7 _bcbc _corignew _d1 _eecip _f20 _gy-gencatlg |
||
| 942 |
_2ddc _cBK _h616.9041 _iBLA/M _k616.9041 _mBLA/M |
||